The man from Pakistan : the true story of the world's most dangerous nuclear smuggler (Record no. 321241)

000 -LEADER
fixed length control field 00427 a2200133 4500
001 - CONTROL NUMBER
control field 86168
003 - CONTROL NUMBER IDENTIFIER
control field NUST
005 - DATE AND TIME OF LATEST TRANSACTION
control field 20180120160130.0
008 - FIXED-LENGTH DATA ELEMENTS--GENERAL INFORMATION
fixed length control field 180120b xxu||||| |||| 00| 0 eng d
020 ## - INTERNATIONAL STANDARD BOOK NUMBER
International Standard Book Number 9780446199582
082 ## - DEWEY DECIMAL CLASSIFICATION NUMBER
Classification number 623.45119092 FRA
100 ## - MAIN ENTRY--PERSONAL NAME
Personal name Douglas Frantz ; Catherine Collins
9 (RLIN) 9295
245 ## - TITLE STATEMENT
Title The man from Pakistan : the true story of the world's most dangerous nuclear smuggler
Statement of responsibility, etc. Douglas Frantz
260 ## - PUBLICATION, DISTRIBUTION, ETC.
Place of publication, distribution, etc. New York
Name of publisher, distributor, etc. Twelve
Date of publication, distribution, etc. 2008
300 ## - PHYSICAL DESCRIPTION
Extent xvii, 413 p.
942 ## - ADDED ENTRY ELEMENTS (KOHA)
Institution code [OBSOLETE] CAE NUST+ AHQ
Koha item type Book
Call number prefix 623.45119092 FRA
Source of classification or shelving scheme
Holdings
Withdrawn status Lost status Damaged status Not for loan Collection code Permanent Location Current Location Date acquired Total Checkouts Full call number Barcode Date last seen Price effective from Koha item type
          College of Aeronautical Engineering (CAE) College of Aeronautical Engineering (CAE) 04/03/2017   623.45119092 FRA CAE85084 04/05/2017 04/05/2017 Book
          College of Aeronautical Engineering (CAE) College of Aeronautical Engineering (CAE) 04/03/2017   623.45119092 FRA CAE85250 04/05/2017 04/05/2017 Book
© 2023 Central Library, National University of Sciences and Technology. All Rights Reserved.